000 00476nam a22001577a 4500
005 20251108163343.0
008 250721s1992 xx 000 0 ara d
082 1 4 _a135.3/سلا
100 1 _aالسقا، سلامه
245 1 0 _aالنوم والرؤى والأحلام :
_bنظرة طبية إسلامية /
264 1 _aبيروت :
_bدار النهضة الإسلامسة،
_c1992.
300 _a136 ص
650 1 7 _aالأحلام
942 _2ddc
_cBK
999 _c571
_d571